Normal view
MARC view
Entry Topical Term
001 - CONTROL NUMBER
- control field: 17322
003 - CONTROL NUMBER IDENTIFIER
- control field: BD-RjUL
005 - DATE AND TIME OF LATEST TRANSACTION
- control field: 20251116104850.0
008 - FIXED-LENGTH DATA ELEMENTS
- fixed length control field: 251116|| aca||aabn | a|a d
040 ## - CATALOGING SOURCE
- Original cataloging agency: BD-RjUL
- Transcribing agency: BD-RjUL
150 ## - HEADING--TOPICAL TERM
- Topical term or geographic name entry element: Hamlet (Shakespeare, William)
670 ## - SOURCE DATA FOUND
- Source citation: Work cat.: (BD-RjUL)85952: Shakespeare, William , Shakespeare The tragedy of Hamlet Prince of Denmark /, [1930?]